000
00310nam a22001097a 4500
999
_c
4226
_d
4226
008
250128b ||||| |||| 00| 0 eng d
020
_a
9780857267108
082
_a
567.91
100
_a
BENTON,MICHAEL
_e
MICHAEL BENTON
245
_a
DISCOVERING DINOSAURS
_b
FLYING MONSTERS
942
_2
ddc
_h
567.91